00279nam a2200121Ia 4500008004100000100002200041245002300063260002600086300000800112650001300120942000700133999001700140190216s9999||||xx |||||||||||||| ||und|| aNamboodiri.A.P.P. 0aPavizhathuruthugal bPoorna Pubs Kozhikode a128 aLekhanam cBK c26902d26902